| 000 | 00745cam a22001932 4500 | ||
|---|---|---|---|
| 001 | 0000023441 | ||
| 005 | 20151217161557.0 | ||
| 008 | 121129s xx 000 0 eng d | ||
| 100 | 1 |
_aAtsango, Catherine Musungu. _@0000182832 |
|
| 245 | 1 | 0 |
_aStrategies adopted by Kenyan sugar companies in response to globalization : _ba case of mumias sugar company / _cCatherine Musungu Atsango. |
| 260 |
_aNakuru : _bKabarak University, _c2012. |
||
| 300 |
_aix, 43 leaves + _e1 CD-ROM. |
||
| 502 | _aThesis (MBA) - Kabarak University, 2012. | ||
| 650 | 0 |
_aMumias sugar company (Kenya) _zKenya. _@0000182833 |
|
| 650 | 0 |
_aSugar trade _zKenya. _@0000182834 |
|
| 908 | _a121129 | ||
| 950 | _@1 | ||
| 999 |
_c15378 _d15378 |
||